000 00725nam a2200217 a 4500
001 21569
003 CO-ViMGA
008 141112s2004 ck r 000 u spa d
020 _a9580464855
040 _aCO-ViMGA
_bspa
_cCO-ViMGA
082 0 4 _aWARc
100 1 _aWarner, Sally
_930812
245 1 0 _aCómo ser una persona de verdad ( en un solo día)
260 _aBogotá :
_bNorma,
_c2002
300 _a164
490 _aTorre de papel amarilla
500 _aA partir de 11 años en adelante.
590 _aForma de adquisición : donación fact. 8850 - - Precio : 15900 - - Proveedor : Fundación exito - - Fecha de adquisición : Junio 2007
650 1 4 _aCUENTOS INFANTILES ESTADOUNIDENSES
_9823
942 _2ddc
_cBK
999 _c30151
_d30151